000 00689nam a2200217Ii 4500
003 JO-AjNU
008 230605s9999||||xx |||||||||||||| ||und||
020 _a9953-1-0371-2
040 _aJO-AjNU
_bara
_erda
_cJO-AjNU
041 _aara
050 1 4 _aQA76.6 2001
100 3 _aد. م ,
_eauthor
_930174
245 0 0 _aعلم نفسك مبادىء البرمجة في 24 ساعة
250 _aط1
264 3 1 _aبيروت:الشركة المصرية العالمية ، 2001
300 _a466ص
336 _atext
_btxt
_2rdacontent
337 _aunmediated
_bn
_2rdamedia
338 _avolume
_bnc
_2rdacarrier
650 4 _a الحاسبات الالكترونية -برامج
_930175
999 _aA11930
_c15498
_d15498